000 00780nab a2200229 u 4500
001 13390
003 HDC
007 cr bn ---aaaaa
008 210203c20160522my |r|nos 0 a eng d
040 _aHDC
245 0 _aPerak Unveils Entrepreneurship Strategic Action Plan
260 _a[no place] :
_bKwong Wah e-Newspaper (EN),
_c2016
336 _atext
_2rdacontent
337 _acomputer
_2rdamedia
338 _aonline resource
_2rdacarrier
650 _aEntrepreneurship
_9209
710 _aKwong Wah e-Newspaper (EN),
_eissuing body
856 _zRequest full-text at [email protected]
942 _2lcc
942 _cNEWS
942 _kNWSO 004024
999 _c10706
_d10706